[Event "SLO-chT1 West"]
[Site "Slovenia"]
[Date "2022.10.23"]
[Round "9.3"]
[White "Brezovar, Matjaz"]
[Black "Lucovnik, Tilen"]
[Result "1/2-1/2"]
[WhiteElo "2192"]
[BlackElo "2120"]
[PlyCount "60"]
[EventDate "2022.10.07"]
[EventType "team-tourn"]
[EventRounds "9"]
[EventCountry "SLO"]
[SourceTitle "EXT 2024"]
[Source "ChessBase"]
[SourceDate "2023.10.10"]
[SourceVersion "1"]
[SourceVersionDate "2023.10.10"]
[SourceQuality "1"]
[WhiteTeam "Dolenjske Toplice"]
[BlackTeam "Komenda"]
[WhiteTeamCountry "SLO"]
[BlackTeamCountry "SLO"]

1. c4 b6 2. Nc3 Bb7 3. e4 e6 4. Nge2 d6 5. g3 Nd7 6. Bg2 Ngf6 7. d4 e5 8. h3 Be7 9. Be3 0-0 10. 0-0 h6 11. Qd2 Qc8 12. Rad1 Rd8 13. Nd5 Bf8 14. Nxf6+ Nxf6 15. Nc3 Re8 16. Rfe1 Kh7 17. Rc1 Ng8 18. Kh2 Qd8 19. Rf1 Be7 20. f4 Bf6 21. Nd5 exd4 22. Bxd4 Bxd4 23. Qxd4 c5 24. Qd3 Bxd5 25. cxd5 Kh8 26. e5 dxe5 27. fxe5 Rxe5 28. d6 Rb8 29. d7 Qe7 30. Rxf7 Qxf7 1/2-1/2

[Event "SLO-chT1 West"]
[Site "Slovenia"]
[Date "2022.10.09"]
[Round "3.2"]
[White "Brezovar, Matjaz"]
[Black "Jelen, Igor"]
[Result "1/2-1/2"]
[WhiteElo "2192"]
[BlackElo "2320"]
[PlyCount "66"]
[EventDate "2022.10.07"]
[EventType "team-tourn"]
[EventRounds "9"]
[EventCountry "SLO"]
[SourceTitle "CBM 210 Extra"]
[Source "ChessBase"]
[SourceDate "2022.11.30"]
[SourceVersion "1"]
[SourceVersionDate "2022.11.30"]
[SourceQuality "1"]
[WhiteTeam "Dolenjske Toplice"]
[BlackTeam "Ig"]
[WhiteTeamCountry "SLO"]
[BlackTeamCountry "SLO"]

1. Nf3 Nf6 2. g3 c5 3. Bg2 Nc6 4. 0-0 e5 5. d3 d5 6. e4 d4 7. Nbd2 Be7 8. Nc4 Nd7 9. Bh3 Qc7 10. a4 0-0 11. Ne1 Nb6 12. Bxc8 Raxc8 13. b3 Qd7 14. Nf3 Qe6 15. Qe2 Nd7 16. Kg2 b6 17. h4 h6 18. Bd2 a6 19. Nb2 Ra8 20. Nh2 Rae8 21. Qg4 Bd8 22. Qxe6 Rxe6 23. Ng4 h5 24. Nh2 f5 25. exf5 Rxf5 26. Rae1 Nf6 27. Bg5 Nd5 28. Bxd8 Nxd8 29. Nf3 Nf7 30. Nd2 Nb4 31. Rc1 Na2 32. Rce1 Nb4 33. Rc1 Na2 1/2-1/2

[Event "SLO-chT2 West"]
[Site "Komenda"]
[Date "2018.11.10"]
[Round "2.1"]
[White "Brezovar, Matjaz"]
[Black "Juhant, Igor"]
[Result "1/2-1/2"]
[WhiteElo "2209"]
[BlackElo "1987"]
[PlyCount "79"]
[EventDate "2018.11.10"]
[EventType "team-tourn"]
[EventRounds "7"]
[EventCountry "SLO"]
[SourceTitle "EXT 2020"]
[Source "ChessBase"]
[SourceDate "2019.10.17"]
[SourceVersion "1"]
[SourceVersionDate "2019.10.17"]
[SourceQuality "1"]
[WhiteTeam "Dolenjske Toplice"]
[BlackTeam "Komenda SK II"]
[WhiteTeamCountry "SLO"]
[BlackTeamCountry "SLO"]

1. Nf3 Nf6 2. c4 c5 3. g3 Nc6 4. Bg2 e6 5. 0-0 Be7 6. Nc3 0-0 7. d4 cxd4 8. Nxd4 Qb6 9. Nc2 Rd8 10. Ne3 d6 11. b3 Bd7 12. Bb2 Rac8 13. Ne4 Nxe4 14. Bxe4 f5 15. Bg2 Rf8 16. Qd2 Rcd8 17. Kh1 Qc7 18. Rfd1 Ne5 19. Qd4 Rf7 20. Rac1 b6 21. f4 Ng6 22. Qd3 Bc6 23. Nd5 Qb7 24. Nxe7+ Nxe7 25. Bxc6 Qxc6+ 26. Qf3 Qxf3+ 27. exf3 Nc6 28. Kg2 Rfd7 29. Kf2 Kf7 30. g4 g6 31. Rd2 fxg4 32. fxg4 e5 33. Kf3 exf4 34. Kxf4 Re7 35. Rcd1 Re6 36. g5 Ne7 37. Bf6 Rd7 38. Bxe7 Kxe7 39. Rd4 Rd8 40. R4d3 1/2-1/2

[Event "SLO-chT"]
[Site "Slovenia"]
[Date "2016.12.09"]
[Round "7.1"]
[White "Brezovar, Matjaz"]
[Black "Belsak, Zan"]
[Result "1/2-1/2"]
[WhiteElo "2191"]
[BlackElo "2204"]
[PlyCount "80"]
[EventDate "2016.10.14"]
[EventType "team-tourn"]
[EventRounds "9"]
[EventCountry "SLO"]
[SourceTitle "EXT 2018"]
[Source "ChessBase"]
[SourceDate "2017.10.13"]
[SourceVersion "1"]
[SourceVersionDate "2017.10.13"]
[SourceQuality "1"]
[WhiteTeam "Vrhnika"]
[BlackTeam "Ptuj"]
[WhiteTeamCountry "SLO"]
[BlackTeamCountry "SLO"]

1. Nf3 g6 2. e4 Bg7 3. d4 d6 4. c3 Nf6 5. Bd3 0-0 6. 0-0 Nc6 7. Re1 e5 8. dxe5 Nxe5 9. Nxe5 dxe5 10. Bg5 Be6 11. Na3 c6 12. Bc4 Qe7 13. Qb3 Bxc4 14. Qxc4 Rfd8 15. Qe2 b5 16. Nc2 a6 17. a4 Qe6 18. Nb4 h6 19. Bxf6 Qxf6 20. Red1 Rxd1+ 21. Rxd1 Bf8 22. a5 Bxb4 23. cxb4 Rd8 24. g3 Rxd1+ 25. Qxd1 Qe7 26. Qd2 Kg7 27. Qc3 Qd6 28. Qc5 Qxc5 29. bxc5 f6 30. Kf1 Kf7 31. Ke2 Ke6 32. Kd3 g5 33. f3 h5 34. g4 h4 35. h3 Ke7 36. b4 Ke6 37. Kd2 Ke7 38. Ke2 Ke6 39. Kf2 Ke7 40. Ke1 Ke6 1/2-1/2

[Event "SLO-chT"]
[Site "Slovenia"]
[Date "2016.10.15"]
[Round "2"]
[White "Brezovar, Matjaz"]
[Black "Marjanovic, Dejan"]
[Result "1-0"]
[WhiteElo "2191"]
[BlackElo "2432"]
[PlyCount "105"]
[EventDate "2016.10.14"]
[EventType "team-tourn"]
[EventRounds "9"]
[EventCountry "SLO"]
[SourceTitle "EXT 2017"]
[Source "ChessBase"]
[SourceDate "2016.10.25"]
[SourceVersion "1"]
[SourceVersionDate "2016.10.25"]
[SourceQuality "1"]
[WhiteTeam "Vrhnika"]
[BlackTeam "Maribor ZSK"]
[WhiteTeamCountry "SLO"]
[BlackTeamCountry "SLO"]

1. Nf3 g6 2. d4 Bg7 3. e4 d6 4. c3 Nd7 5. Bc4 e6 6. 0-0 Ne7 7. Re1 a6 8. a4 b6 9. Bf4 Bb7 10. e5 dxe5 11. Nxe5 Nf6 12. Nd2 0-0 13. Ndf3 Nfd5 14. Bd2 Nf5 15. Bf1 h6 16. a5 b5 17. Nd3 Nde7 18. Nfe5 Bd5 19. Nc5 Nc6 20. Nxc6 Bxc6 21. Bf4 Re8 22. Be5 Bf8 23. b4 Nd6 24. Bd3 Qg5 25. Be4 Nxe4 26. Nxe4 Bxe4 27. Rxe4 f6 28. h4 Qf5 29. Rf4 fxe5 30. Rxf5 exf5 31. Qf3 exd4 32. cxd4 Re4 33. h5 Kg7 34. Qg3 g5 35. Qxc7+ Kh8 36. d5 Re7 37. Qc6 Raa7 38. d6 Red7 39. Rd1 Kg7 40. Qc5 f4 41. Qe5+ Kg8 42. Qe6+ Kh8 43. Qe8 Kg8 44. Rd5 Kg7 45. Rf5 Bxd6 46. Qg6+ Kh8 47. Qxh6+ Kg8 48. Qxg5+ Kh8 49. Qh6+ Kg8 50. Rg5+ Kf7 51. Rg7+ Ke8 52. Rg8+ Ke7 53. Qg6 1-0

[Event "SLO-chT 25th"]
[Site "Otocec"]
[Date "2015.11.06"]
[Round "4.21"]
[White "Zupancic, Jernej"]
[Black "Brezovar, Matjaz"]
[Result "0-1"]
[WhiteElo "2190"]
[BlackElo "2164"]
[PlyCount "188"]
[EventDate "2015.10.16"]
[EventType "team-tourn"]
[EventRounds "9"]
[EventCountry "SLO"]
[SourceTitle "EXT 2020"]
[Source "ChessBase"]
[SourceDate "2019.10.17"]
[SourceVersion "1"]
[SourceVersionDate "2019.10.17"]
[SourceQuality "1"]
[WhiteTeam "Novo Mesto Krka"]
[BlackTeam "Vrhnika"]
[WhiteTeamCountry "SLO"]
[BlackTeamCountry "SLO"]

1. e4 e6 2. d4 d5 3. Nc3 Bb4 4. e5 Ne7 5. a3 Bxc3+ 6. bxc3 b6 7. Qg4 Ng6 8. Nf3 Ba6 9. Bxa6 Nxa6 10. Bg5 Qd7 11. 0-0 h6 12. Be3 Nb8 13. Nd2 Qc6 14. c4 dxc4 15. Qe2 c3 16. Nb1 Ne7 17. Rd1 Nd5 18. Qe1 Qd7 19. Nxc3 Nxc3 20. Qxc3 Nc6 21. Qd3 Rd8 22. Qe4 Qd5 23. Qg4 Ne7 24. Qe2 Nf5 25. f3 Nxe3 26. Qxe3 0-0 27. Qe2 c5 28. c4 Qc6 29. Qf2 cxd4 30. Rxd4 Rxd4 31. Qxd4 Rc8 32. Rd1 Qxc4 33. Qxc4 Rxc4 34. Rd8+ Kh7 35. Rd7 Ra4 36. Rxf7 Rxa3 37. Re7 Kg6 38. Rxe6+ Kf5 39. Re7 g5 40. Kf2 a5 41. e6 Rb3 42. Ke2 Rb5 43. Kd3 Rd5+ 44. Kc4 Rd6 45. Rh7 Rxe6 46. Kd5 Rf6 47. g3 Kg6 48. Rb7 a4 49. Ke4 Rc6 50. f4 gxf4 51. gxf4 Rc4+ 52. Ke5 Rc5+ 53. Kd4 Rb5 54. Ra7 Ra5 55. Rb7 b5 56. Ke4 a3 57. f5+ Kf6 58. Rb6+ Ke7 59. Rb7+ Kd6 60. f6 Ra8 61. f7 Kc5 62. Ra7 Rf8 63. Rxa3 Rxf7 64. Ra6 Re7+ 65. Kd3 Rd7+ 66. Kc3 b4+ 67. Kb3 Rd3+ 68. Kc2 Rh3 69. Ra8 Rxh2+ 70. Kb3 Rh3+ 71. Kb2 h5 72. Rc8+ Kd4 73. Rb8 b3 74. Re8 Re3 75. Rh8 Re5 76. Kxb3 Kd3 77. Kb4 Re4+ 78. Kc5 h4 79. Kd5 Ke3 80. Ra8 Kf3 81. Ra7 Rb4 82. Ke5 Rb5+ 83. Kf6 Rb3 84. Rh7 Rb4 85. Kf5 Rb5+ 86. Kf6 Kg4 87. Rg7+ Kf4 88. Ra7 Rb6+ 89. Kf7 Rb4 90. Ke6 h3 91. Ra3 Kg4 92. Ra1 h2 93. Rc1 Rb6+ 94. Ke5 Rh6 0-1

[Event "Ptuj op"]
[Site "Ptuj"]
[Date "2015.08.11"]
[Round "9"]
[White "Lucovnik, Tilen"]
[Black "Brezovar, Matjaz"]
[Result "1/2-1/2"]
[WhiteElo "2037"]
[BlackElo "2188"]
[PlyCount "101"]
[EventDate "2015.08.03"]
[EventType "swiss"]
[EventRounds "9"]
[EventCountry "SLO"]
[SourceTitle "CBM 167 Extra"]
[Source "ChessBase"]
[SourceDate "2015.09.14"]
[SourceVersion "1"]
[SourceVersionDate "2015.09.14"]
[SourceQuality "1"]

1. e4 e6 2. d3 d5 3. Nd2 c5 4. Ngf3 Nc6 5. g3 g6 6. Bg2 Bg7 7. c3 Nge7 8. 0-0 h6 9. Nb3 b6 10. exd5 exd5 11. d4 c4 12. Nbd2 b5 13. Re1 0-0 14. Nf1 Bf5 15. h4 Re8 16. Bf4 Be4 17. Qd2 Kh7 18. N3h2 Bxg2 19. Kxg2 Qd7 20. Ne3 Nf5 21. Nhg4 Nxe3+ 22. Nxe3 Ne7 23. Qd1 Nf5 24. Qf3 Nxe3+ 25. Rxe3 Rxe3 26. Bxe3 h5 27. Re1 Re8 28. Re2 Qe6 29. Re1 Qd7 30. Re2 Re6 31. Bg5 f5 32. Rxe6 Qxe6 33. Qe3 Qe4+ 34. f3 Qxe3 35. Bxe3 Kg8 36. a3 Kf7 37. Kf2 Ke6 38. Ke2 Bf8 39. f4 Kd7 40. Kd2 Kc6 41. Kc2 Kb6 42. Bd2 Ka5 43. Kb1 Ka4 44. Ka2 a5 45. Be3 b4 46. axb4 axb4 47. Bd2 Be7 48. Be1 Bd6 49. Bd2 bxc3 50. bxc3 Ba3 51. Be3 1/2-1/2

[Event "Maribor Pirc Memorial op 19th"]
[Site "Maribor"]
[Date "2015.07.02"]
[Round "9"]
[White "Brezovar, Matjaz"]
[Black "Spalir, Jernej"]
[Result "0-1"]
[WhiteElo "2184"]
[BlackElo "2361"]
[PlyCount "116"]
[EventDate "2015.06.25"]
[EventType "swiss"]
[EventRounds "9"]
[EventCountry "SLO"]
[SourceTitle "CBM 167 Extra"]
[Source "ChessBase"]
[SourceDate "2015.09.14"]
[SourceVersion "1"]
[SourceVersionDate "2015.09.14"]
[SourceQuality "1"]

1. c4 c5 2. Nc3 Nc6 3. g3 g6 4. Bg2 Bg7 5. e3 e5 6. Nge2 Nge7 7. 0-0 0-0 8. d3 d6 9. a3 Rb8 10. b4 cxb4 11. axb4 Nxb4 12. Rxa7 Na6 13. Ba3 Qb6 14. Nb5 Nc6 15. Rxa6 bxa6 16. Nxd6 Nb4 17. Nxc8 Rfxc8 18. Nc3 Rd8 19. Bxb4 Qxb4 20. Nd5 Qa3 21. g4 Rb3 22. Be4 a5 23. c5 Rb5 24. d4 exd4 25. exd4 Kf8 26. Qd2 h6 27. Qf4 Qb3 28. Qc7 Rbb8 29. c6 Rbc8 30. Qe7+ Kg8 31. Nf6+ Bxf6 32. Qxf6 Qe6 33. Qxe6 fxe6 34. f3 Rxd4 35. Rb1 Rc7 36. Rb8+ Kg7 37. Ra8 a4 38. Kf2 e5 39. h4 g5 40. hxg5 hxg5 41. Ke3 Kf7 42. Ra5 Kf6 43. Ra8 Ke6 44. Ra6 Kd6 45. Ra5 Re7 46. Ke2 Rc7 47. Ke3 Rc8 48. Ke2 Rb8 49. Ra7 Rb2+ 50. Ke3 Rb3+ 51. Ke2 Rc3 52. Rd7+ Kc5 53. Rb7 Rxe4+ 54. fxe4 Kxc6 55. Rg7 a3 56. Kd2 Rg3 57. Kc2 Rxg4 58. Kb3 Rxe4 0-1

[Event "Maribor Pirc Memorial op 19th"]
[Site "Maribor"]
[Date "2015.06.28"]
[Round "4"]
[White "Brezovar, Matjaz"]
[Black "Urbanc, Peter"]
[Result "1-0"]
[WhiteElo "2184"]
[BlackElo "2070"]
[PlyCount "86"]
[EventDate "2015.06.25"]
[EventType "swiss"]
[EventRounds "9"]
[EventCountry "SLO"]
[SourceTitle "CBM 167 Extra"]
[Source "ChessBase"]
[SourceDate "2015.09.14"]
[SourceVersion "1"]
[SourceVersionDate "2015.09.14"]
[SourceQuality "1"]

1. c4 b6 2. e4 Bb7 3. Nc3 e6 4. Nge2 f5 5. exf5 exf5 6. Nf4 Nf6 7. Be2 Bd6 8. d4 0-0 9. 0-0 Ne4 10. Nb5 Be7 11. Nd5 Bxd5 12. cxd5 c6 13. Nc3 Bd6 14. Bf3 Nxc3 15. bxc3 c5 16. Qd3 cxd4 17. cxd4 a6 18. Ba3 Bxa3 19. Qxa3 d6 20. Rfe1 Ra7 21. Re6 Rd7 22. Rae1 b5 23. Qb4 Kf7 24. g3 Qb6 25. Qd2 b4 26. Qe3 Qd8 27. Bh5+ Kg8 28. Re8 Qf6 29. Rxf8+ Qxf8 30. Qe6+ Kh8 31. Qxf5 Rd8 32. Qxf8+ Rxf8 33. Be8 Kg8 34. Re6 Rf6 35. f4 Kf8 36. Ba4 Rxe6 37. dxe6 d5 38. f5 Ke7 39. Kf2 Kd6 40. Ke3 Nc6 41. Bxc6 Kxc6 42. Kd3 a5 43. a3 bxa3 1-0

[Event "Budapest FS05 IM"]
[Site "Budapest"]
[Date "2015.05.09"]
[Round "7"]
[White "Furedi, Erik"]
[Black "Brezovar, Matjaz"]
[Result "1-0"]
[WhiteElo "2241"]
[BlackElo "2254"]
[PlyCount "161"]
[EventDate "2015.05.02"]
[EventType "tourn"]
[EventRounds "10"]
[EventCountry "HUN"]
[EventCategory "2"]
[SourceTitle "CBM 166 Extra"]
[Source "ChessBase"]
[SourceDate "2015.06.18"]
[SourceVersion "1"]
[SourceVersionDate "2015.06.18"]
[SourceQuality "1"]

1. e4 e6 2. d4 d5 3. Nc3 Nf6 4. Bg5 Bb4 5. e5 h6 6. Bd2 Bxc3 7. bxc3 Ne4 8. Bd3 Nxd2 9. Qxd2 c5 10. f4 Qa5 11. Nf3 Nc6 12. Rd1 c4 13. Be2 Qxa2 14. 0-0 Qa5 15. Nh4 Qd8 16. Qe1 h5 17. f5 Qg5 18. f6 g6 19. Bf3 Bd7 20. g3 Nb8 21. Rd2 Qh6 22. Re2 Bc6 23. Ng2 Nd7 24. Qa1 Nb6 25. Rb1 Kd7 26. Rb2 Kc7 27. Re1 Na4 28. Ra2 b5 29. Ne3 h4 30. Nf1 Rhb8 31. Bg2 a5 32. Re3 hxg3 33. Rxg3 Qf8 34. Nd2 Qd8 35. Rh3 Rb7 36. Rh7 Kb6 37. Nf3 Be8 38. Ng5 Qc8 39. Rh8 Qc6 40. Nf3 Rab8 41. Rf8 Ra7 42. Ng5 Rba8 43. Rh8 b4 44. Rxe8 Nxc3 45. Rxa8 Qxa8 46. Rb2 Qf8 47. Qe1 Ka6 48. Bf1 Rc7 49. h4 a4 50. Nh7 a3 51. Rb3 Qb8 52. Qa1 Ka5 53. Rxc3 Ka4 54. Re3 Qh8 55. Ng5 Qxh4 56. Nf3 Qg3+ 57. Bg2 g5 58. Qc1 Qf4 59. Kf2 Ra7 60. Ke2 Kb5 61. Qa1 Ra8 62. Qa2 g4 63. Nd2 Qxd4 64. c3 bxc3 65. Nb1 Kb4 66. Nxc3 Qxc3 67. Rxc3 Kxc3 68. Bxd5 exd5 69. Qd2+ Kb3 70. Qxd5 Ra4 71. Qd1+ Kb4 72. Qa1 Ra5 73. Ke3 c3 74. Kd4 a2 75. Qxc3+ Kb5 76. Qa1 Kc6 77. e6 fxe6 78. f7 Rf5 79. Qxa2 Kd7 80. Qa7+ Kd8 81. Qb8+ 1-0

[Event "Budapest FS05 IM"]
[Site "Budapest"]
[Date "2015.05.08"]
[Round "6"]
[White "Brezovar, Matjaz"]
[Black "Paramzina, Anastasya"]
[Result "0-1"]
[WhiteElo "2254"]
[BlackElo "2237"]
[PlyCount "56"]
[EventDate "2015.05.02"]
[EventType "tourn"]
[EventRounds "10"]
[EventCountry "HUN"]
[EventCategory "2"]
[SourceTitle "CBM 166 Extra"]
[Source "ChessBase"]
[SourceDate "2015.06.18"]
[SourceVersion "1"]
[SourceVersionDate "2015.06.18"]
[SourceQuality "1"]

1. c4 e6 2. g3 d5 3. Nf3 Nf6 4. Bg2 dxc4 5. Qa4+ Nbd7 6. Qxc4 c5 7. Qb3 Rb8 8. a4 b6 9. d3 Bd6 10. Na3 a6 11. Nc4 Bc7 12. Bd2 Bb7 13. 0-0 0-0 14. Rfc1 Nd5 15. e4 Ne7 16. Qa3 Nc6 17. b4 cxb4 18. Bxb4 Nxb4 19. Qxb4 Nc5 20. Rd1 f5 21. a5 Nxd3 22. Qb3 fxe4 23. Ne1 Qf6 24. Nxd3 exd3 25. Bxb7 Qxf2+ 26. Kh1 Rxb7 27. axb6 Qf3+ 28. Kg1 Bxg3 0-1

[Event "Novi Sad op"]
[Site "Novi Sad"]
[Date "2015.04.09"]
[Round "6"]
[White "Bikadi, Edvard"]
[Black "Brezovar, Matjaz"]
[Result "1-0"]
[WhiteElo "2025"]
[BlackElo "2273"]
[PlyCount "58"]
[EventDate "2015.04.05"]
[EventType "swiss"]
[EventRounds "9"]
[EventCountry "SRB"]
[SourceTitle "CBM 166 Extra"]
[Source "ChessBase"]
[SourceDate "2015.06.18"]
[SourceVersion "1"]
[SourceVersionDate "2015.06.18"]
[SourceQuality "1"]

1. d4 e6 2. Nf3 f5 3. g3 Nf6 4. Bg2 d5 5. 0-0 Bd6 6. c4 c6 7. b3 Qe7 8. Nbd2 b6 9. Ne5 Bb7 10. Qc2 0-0 11. Ndf3 Ne4 12. Nd3 Nd7 13. Bb2 c5 14. e3 Rac8 15. dxc5 bxc5 16. Nde5 Nb6 17. Rac1 Rfd8 18. Rfd1 a5 19. a4 Rb8 20. Bf1 Ba8 21. cxd5 exd5 22. Bb5 Rbc8 23. Ba6 Rc7 24. Bb5 Rf8 25. Qe2 Qe6 26. Qe1 Ra7 27. Nd3 g5 28. Kf1 f4 29. gxf4 gxf4 1-0

[Event "Nova Gorica op-A 20th"]
[Site "Nova Gorica"]
[Date "2015.02.04"]
[Round "8"]
[White "Brezovar, Matjaz"]
[Black "Nemec, Hana"]
[Result "1/2-1/2"]
[WhiteElo "2304"]
[BlackElo "1808"]
[PlyCount "115"]
[EventDate "2015.01.30"]
[EventType "swiss"]
[EventRounds "9"]
[EventCountry "SLO"]
[SourceTitle "EXT 2016"]
[Source "ChessBase"]
[SourceDate "2015.10.08"]
[SourceVersion "1"]
[SourceVersionDate "2015.10.08"]
[SourceQuality "1"]

1. g3 Nf6 2. Bg2 e6 3. c4 Be7 4. Nf3 0-0 5. 0-0 d5 6. d4 dxc4 7. Qc2 a6 8. Qxc4 b5 9. Qc2 Bb7 10. Bd2 Be4 11. Qc1 Bb7 12. Bf4 Nd5 13. Bg5 Nd7 14. Bxe7 Qxe7 15. e4 N5f6 16. Qxc7 Bxe4 17. Nc3 Rfc8 18. Qf4 Bb7 19. Ne5 Bxg2 20. Kxg2 b4 21. Na4 Nxe5 22. Qxe5 Qd7 23. Nc5 Qd5+ 24. Qxd5 Nxd5 25. Rfe1 Rc6 26. a4 bxa3 27. Rxa3 Nb4 28. Ra4 Nd5 29. Rea1 Nc7 30. Ra5 g6 31. R1a4 Rb6 32. b3 Rb5 33. Kf3 Rxa5 34. Rxa5 Rb8 35. Ke4 Rb4 36. Ke5 Kg7 37. Ra4 Rb6 38. f4 f6+ 39. Ke4 Rd6 40. Rb4 f5+ 41. Kd3 Kf6 42. Rb7 Nb5 43. Rd7 Rxd7 44. Nxd7+ Ke7 45. Nc5 Nc7 46. Kc4 Kd6 47. Kb4 Kd5 48. Ka5 Kxd4 49. Nxa6 Nd5 50. b4 Ke3 51. Nc5 Kf3 52. Nxe6 Kg2 53. Nf8 Kxh2 54. Nxh7 Kxg3 55. Nf8 Kxf4 56. Nxg6+ Kg5 57. Ne5 Nxb4 58. Kxb4 1/2-1/2

[Event "Nova Gorica op-A 20th"]
[Site "Nova Gorica"]
[Date "2015.02.01"]
[Round "4"]
[White "Brezovar, Matjaz"]
[Black "Goossens, Hanne"]
[Result "1-0"]
[WhiteElo "2304"]
[BlackElo "2126"]
[PlyCount "65"]
[EventDate "2015.01.30"]
[EventType "swiss"]
[EventRounds "9"]
[EventCountry "SLO"]
[SourceTitle "CBM 164 Extra"]
[Source "ChessBase"]
[SourceDate "2015.03.02"]
[SourceVersion "1"]
[SourceVersionDate "2015.03.02"]
[SourceQuality "1"]

1. c4 c5 2. Nc3 Nc6 3. Nf3 g6 4. e3 Bg7 5. d4 cxd4 6. exd4 d6 7. d5 Ne5 8. Nxe5 Bxe5 9. Be2 Bg7 10. 0-0 Nf6 11. Be3 0-0 12. h3 e5 13. dxe6 Bxe6 14. Qa4 d5 15. Rfd1 Bd7 16. Qb3 dxc4 17. Bxc4 Qc7 18. Rac1 Bc6 19. Nb5 Bxb5 20. Qxb5 a6 21. Qb3 Qe5 22. Qxb7 Rab8 23. Qf3 Rbd8 24. Rxd8 Rxd8 25. Qb7 Ne4 26. Bxf7+ Kf8 27. Bb3 Nd6 28. Qxa6 Qxb2 29. Qb6 Bf6 30. Bh6+ Ke8 31. Qe3+ Be7 32. Re1 Nf5 33. Qe6 1-0

[Event "Nova Gorica op-A 20th"]
[Site "Nova Gorica"]
[Date "2015.02.01"]
[Round "5"]
[White "Schmidek, Emil"]
[Black "Brezovar, Matjaz"]
[Result "1-0"]
[WhiteElo "2186"]
[BlackElo "2304"]
[PlyCount "99"]
[EventDate "2015.01.30"]
[EventType "swiss"]
[EventRounds "9"]
[EventCountry "SLO"]
[SourceTitle "CBM 164 Extra"]
[Source "ChessBase"]
[SourceDate "2015.03.02"]
[SourceVersion "1"]
[SourceVersionDate "2015.03.02"]
[SourceQuality "1"]

1. e4 e6 2. d4 d5 3. Nc3 Nf6 4. Bg5 Bb4 5. e5 h6 6. Bd2 Bxc3 7. bxc3 Ne4 8. Qg4 Kf8 9. Bd3 Nxd2 10. Kxd2 c5 11. h4 c4 12. Be2 Nc6 13. Nh3 b5 14. a3 Bd7 15. Nf4 a5 16. Qf3 Ke8 17. Nh5 Rg8 18. Rh3 b4 19. Rg3 bxc3+ 20. Qxc3 Kf8 21. Rg4 Ne7 22. Qf3 Nf5 23. Rh1 Qb6 24. Qc3 Rb8 25. Rd1 Ba4 26. Rc1 Ke7 27. Ng3 Nxg3 28. fxg3 f5 29. exf6+ gxf6 30. Re1 Bd7 31. Rxg8 Rxg8 32. g4 Rc8 33. Bf3 Kd8 34. g5 hxg5 35. hxg5 f5 36. g4 f4 37. Re5 Be8 38. g6 Bxg6 39. g5 Rc7 40. Bg4 Re7 41. Kc1 Be4 42. Kd2 Kc7 43. Be2 Kb7 44. a4 f3 45. Bf1 Rh7 46. Ke3 Rh2 47. Bxc4 Qb1 48. Ba6+ Kxa6 49. Rxe6+ Qb6 50. Qc8+ 1-0

[Event "Padova op-A 17th"]
[Site "Padova"]
[Date "2014.12.17"]
[Round "5"]
[White "Sumets, Andrey"]
[Black "Brezovar, Matjaz"]
[Result "1/2-1/2"]
[WhiteElo "2578"]
[BlackElo "2264"]
[PlyCount "69"]
[EventDate "2014.12.14"]
[EventType "swiss"]
[EventRounds "9"]
[EventCountry "ITA"]
[SourceTitle "EXT 2016"]
[Source "ChessBase"]
[SourceDate "2015.10.08"]
[SourceVersion "1"]
[SourceVersionDate "2015.10.08"]
[SourceQuality "1"]

1. d4 e6 2. Nf3 f5 3. c4 Nf6 4. g3 d5 5. Bg2 c6 6. 0-0 Bd6 7. b3 Qe7 8. Ne5 0-0 9. Nd2 a5 10. Ndf3 b5 11. Bf4 Nh5 12. e3 Bb7 13. cxb5 cxb5 14. Nd3 Nxf4 15. exf4 Nd7 16. Qe2 Rfe8 17. Rfc1 b4 18. Nfe5 Ba6 19. Qe3 Bxd3 20. Qxd3 Nf6 21. Rc6 Ne4 22. Bxe4 fxe4 23. Qb5 Bxe5 24. fxe5 Rf8 25. Rac1 Qg5 26. Qe2 h5 27. h4 Qg6 28. Rc7 a4 29. bxa4 Rxa4 30. Rb7 Ra3 31. Rcc7 Rxg3+ 32. fxg3 Qxg3+ 33. Qg2 Qe1+ 34. Kh2 Qxh4+ 35. Kg1 1/2-1/2

[Event "Padova op-A 17th"]
[Site "Padova"]
[Date "2014.12.14"]
[Round "1.28"]
[White "Brezovar, Matjaz"]
[Black "Benetti, Lorenzo"]
[Result "1-0"]
[WhiteElo "2264"]
[BlackElo "1854"]
[PlyCount "73"]
[EventDate "2014.12.14"]
[EventType "swiss"]
[EventRounds "9"]
[EventCountry "ITA"]
[SourceTitle "EXT 2024"]
[Source "ChessBase"]
[SourceDate "2023.10.10"]
[SourceVersion "1"]
[SourceVersionDate "2023.10.10"]
[SourceQuality "1"]

1. c4 f5 2. g3 Nf6 3. Bg2 g6 4. Nc3 Bg7 5. d3 0-0 6. e4 d6 7. Nge2 fxe4 8. dxe4 Nc6 9. 0-0 e5 10. Nd5 Be6 11. Bg5 Qd7 12. Qd2 Rf7 13. f3 Raf8 14. Rac1 Bh3 15. Be3 Bxg2 16. Kxg2 b6 17. b4 a5 18. a3 Ra8 19. Nec3 Rff8 20. Nb5 Nxd5 21. cxd5 Nd4 22. Nxd4 exd4 23. Bxd4 axb4 24. axb4 Bxd4 25. Qxd4 Ra2+ 26. Rf2 Rfa8 27. Rcf1 R2a4 28. Qc3 Ra3 29. Qf6 Rb3 30. Rb2 Raa3 31. Rxb3 Rxb3 32. Ra1 Qc8 33. Qd4 Qf8 34. Rf1 Qd8 35. Rf2 Kf7 36. h4 Qd7 37. Qh8 1-0

[Event "SLO-chT2 West"]
[Site "Ljubljana"]
[Date "2014.10.18"]
[Round "2.1"]
[White "Brezovar, Matjaz"]
[Black "Lucovnik, Tilen"]
[Result "1-0"]
[WhiteElo "2250"]
[BlackElo "1992"]
[PlyCount "53"]
[EventDate "2014.10.17"]
[EventType "team-tourn"]
[EventRounds "9"]
[EventCountry "SLO"]
[SourceTitle "EXT 2019"]
[Source "ChessBase"]
[SourceDate "2018.10.10"]
[SourceVersion "1"]
[SourceVersionDate "2018.10.10"]
[SourceQuality "1"]
[WhiteTeam "Dolenjske Toplice"]
[BlackTeam "Komenda II"]
[WhiteTeamCountry "SLO"]
[BlackTeamCountry "SLO"]

1. c4 b6 2. Nc3 e6 3. e4 Bb7 4. Nge2 Bb4 5. a3 Bxc3 6. Nxc3 Ne7 7. g3 0-0 8. Bg2 d6 9. d4 e5 10. d5 f5 11. exf5 Nxf5 12. 0-0 Bc8 13. Ne4 h6 14. Bd2 a5 15. b3 Nd7 16. Bc3 Qe8 17. Qd2 Qg6 18. f4 exf4 19. Rxf4 Ne7 20. Raf1 Rxf4 21. Qxf4 Ba6 22. Bh3 Rf8 23. Be6+ Kh8 24. Bf7 Qh7 25. Qh4 Nf5 26. Rxf5 Qxf5 27. Qxh6+ 1-0